00273 a2200121 4500001000700000020001800007040003500025100002100060240002800081245002300109300001000132362000900142156767 a9788525052674 cEscola São Tomás de Aquino aLOBATO, Monteiro10aAs formigas ruivaslpor10aAs formigas ruivas a32 p.0 a2012